Statistics for New York Yankees Trivia

Click here to take the quiz!

General Stats

  • This quiz has been taken 1,579 times
    (791 since last reset)
  • The average score is 17 of 22

Answer Stats

QuestionAnswer% Correct
What Yankees player is generally considered to be the best player in
Major League history?
Babe Ruth
99%
Who hit 62 home runs in 2022?Aaron Judge
94%
In what borough of New York City would you find Yankee Stadium?The Bronx
90%
What player retired in 2014 with more hits than anyone else in Yankees history?Derek Jeter
89%
Who is the current manager of the Yankees?Aaron Boone
86%
Who called himself the "luckiest man on the face of the Earth" in a 1939 farewell speech?Lou Gehrig
84%
What former Yankees closer holds the all-time career record for saves?Mariano Rivera
83%
What player married Marilyn Monroe?Joe DiMaggio
82%
What catcher is known for his many famous quotes such as
"a nickle ain't worth a dime anymore"?
Yogi Berra
81%
What is the nickname for a series in which the Yankees play the Mets?{Subway} Series
80%
What 1970s slugger was nicknamed Mr. October?Reggie Jackson
79%
Who signed a $275 million contract with the Yankees in 2007 - at the time the
largest contract in baseball history?
Alex Rodriguez
77%
Who hit a record 61 home runs in 1961 - but saw his record tainted by an asterisk?Roger Maris
76%
What Yankee hit 372 home runs batting left-handed, and another 164 right-handed?Mickey Mantle
74%
What manager led the Yankees to four World Series titles from 1996–2000?Joe Torre
72%
The Yankees have won 27 World Series, far more than any other team.
Which team has the second-most?
St. Louis Cardinals
70%
Who purchased the team in 1973 for just $8.7 million?George Steinbrenner
69%
What pitcher of the 1950s and 1960s holds the team record for most wins?Whitey Ford
62%
What was the nickname of the Yankees batting lineup in the 1920s?{Murderer}'s Row
61%
What six-time All Star from the 1980s was once benched for refusing to trim his mullet?Don Mattingly
56%
What Yankees catcher died in a plane crash in 1979?Thurman Munson
55%
What manager was fired by that owner five different times between 1975 and 1988?Billy Martin
45%

Score Distribution

Percentile by Number Answered

Percent of People with Each Score

Your Score History

You have not taken this quiz since the last reset